[Event "Regionalliga SO 1415"]
[Site "Bayern"]
[Date "2015.02.01"]
[Round "6.6"]
[White "Kunz, Heinz"]
[Black "Huber, Michael"]
[Result "1/2-1/2"]
[WhiteElo "1849"]
[BlackElo "1778"]
[PlyCount "31"]
[EventDate "2014.10.19"]
[EventType "team-tourn"]
[EventRounds "9"]
[EventCountry "GER"]
[SourceTitle "EXT 2018"]
[Source "ChessBase"]
[SourceDate "2017.10.13"]
[SourceVersion "1"]
[SourceVersionDate "2017.10.13"]
[SourceQuality "1"]
[WhiteTeam "Landshut"]
[BlackTeam "Tegernsee"]
[WhiteTeamCountry "GER"]
[BlackTeamCountry "GER"]

1. c4 Nf6 2. Nc3 c5 3. g3 g6 4. Bg2 Bg7 5. Nf3 0-0 6. 0-0 Nc6 7. d4 cxd4 8. Nxd4 Nxd4 9. Qxd4 d6 10. Qd3 Nd7 11. b3 Nc5 12. Qd2 Bd7 13. Bb2 Bc6 14. Nd5 Rc8 15. Bxg7 Kxg7 16. Rfd1 1/2-1/2